| 000 -LEADER |
| fixed length control field |
00380nam a2200145Ia 4500 |
| 008 - FIXED-LENGTH DATA ELEMENTS--GENERAL INFORMATION |
| fixed length control field |
260407s9999 xx 000 0 und d |
| 020 ## - INTERNATIONAL STANDARD BOOK NUMBER |
| International Standard Book Number |
9.7893636343e+012 |
| 082 ## - DEWEY DECIMAL CLASSIFICATION NUMBER |
| Classification number |
336.73 |
| Item number |
POT/M |
| 100 ## - MAIN ENTRY--PERSONAL NAME |
| Personal name |
Potter, Gary |
| 245 #0 - TITLE STATEMENT |
| Title |
Musgrave's Public Finance: Theory and Practice |
| 250 ## - EDITION STATEMENT |
| Edition statement |
7th |
| 260 ## - PUBLICATION, DISTRIBUTION, ETC. |
| Place of publication, distribution, etc. |
New Delhi |
| Name of publisher, distributor, etc. |
Medtech Science Press |
| Date of publication, distribution, etc. |
2026 |
| 300 ## - PHYSICAL DESCRIPTION |
| Extent |
615p. |
| 942 ## - ADDED ENTRY ELEMENTS (KOHA) |
| Koha item type |
Book |